University Home | Library Home | Institutional Repository

Human rights and humanitarian norms of customary law. (Record no. 133099)

MARC details
000 -LEADER
fixed length control field 00476cam0a220018100 4500
001 - CONTROL NUMBER
control field tmp15763699
003 - CONTROL NUMBER IDENTIFIER
control field UPRA
005 - DATE AND TIME OF LATEST TRANSACTION
control field 20190822112518.0
008 - FIXED-LENGTH DATA ELEMENTS--GENERAL INFORMATION
fixed length control field 951023s1991 xx eng u
035 ## - SYSTEM CONTROL NUMBER
System control number (Sirsi) r44111
035 ## - SYSTEM CONTROL NUMBER
System control number (UPRA)tmp15763699
040 ## - CATALOGING SOURCE
Transcribing agency UPRA
100 1# - MAIN ENTRY--PERSONAL NAME
Personal name Meron, T.
Linkage A1710.1
245 10 - TITLE STATEMENT
Title Human rights and humanitarian norms of customary law.
260 ## - PUBLICATION, DISTRIBUTION, ETC.
Date of publication, distribution, etc. 1991.
949 ## - LOCAL PROCESSING INFORMATION (OCLC)
a KJ605
w lcc
i 33729000409768
m MAIN
t BOOK
l ON-SHELF

No items available.

© 2026 - The University of Zambia Library - Koha v25.11